| 000 | 00894cab a2200289 4500 | ||
|---|---|---|---|
| 001 | ABS59005 | ||
| 008 | 090401t1998 xxu||||| |||| 00| 0 eng d | ||
| 035 | _a(Sirsi) u87546 | ||
| 041 | _aeng | ||
| 245 | _aWhere size is everything | ||
| 260 | _c1998 | ||
| 350 | _a0 | ||
| 490 |
_aArchitects` Journal _v208(2) 9 July 1998, 29-38(7) |
||
| 520 | _aReview of the design of Cummins Engine Company`s generator assembly plant in Kent, with comments from the architect and structural engineer. Includes plans, sections and cost analysis. | ||
| 650 | _aALUMINIUM CLADDING | ||
| 650 | _aCONCRETE FLOORS | ||
| 650 | _aBUILT ENVIRONMENT | ||
| 650 | _aDESIGN | ||
| 650 | _aFACTORY | ||
| 650 | _aHEAVY ENGINEERING | ||
| 650 | _aOFFICE SPACE | ||
| 650 | _aROOFLIGHTS | ||
| 650 | _aSTEEL STRUCTURES | ||
| 690 | _aBUILDING AND CONSTRUCTION-PROJECTS | ||
| 942 | _n0 | ||
| 948 | _c22/07/1998 | ||
| 999 |
_c55232 _d55232 |
||